Most Popular Firearms In Canada - Statistics

General Stats
  • This quiz has been taken 11 times
  • The average score is 5 of 11
Answer Stats
Hint Answer % Correct
12 gauge etc. Remington 870
88%
12 gauge etc. Mossberg 500
75%
.303 Lee-Enfield Bolt Action Rifle
63%
.308 etc. Remington 700
63%
.30-30 etc. Marlin, Winchester, Henry Lever Action Rifles
38%
.22 Ruger 10/22
38%
7.62 etc. SKS
38%
.270 etc. Winchester Model 70
38%
.30-06 etc. Savage Axis
25%
.308 etc. Mossberg Patriot
13%
.308 etc. Tikka T3X
13%
No matching quizzes found
Score Distribution
Percent of People with Each Score
Percentile by Number Answered
Your Score History
You have not taken this quiz